01537nam a2200421 i 450000100060000000300090000600500170001500800410003202000150007302000150008804000360010304100130013908000160015208000120016810000290018024501880020924600270039725000150042426000560043930000350049538000160053038000270054638500390057338800140061238800140062650000300064050400120067065000180068265500300070065800340073070000380076470000430080270000410084570000460088670000440093271000410097685600980101751033KOSZ 00520220422110412.0991010s1999 pl f |000 0 pol d a8320812070 a8320812054 cKOSZ 005aKOSZ 005dKOSZ 005/HR1 apolheng a330.101.542 a(075.8)1 aBegg, David K. H.eAutor10aEkonomia :bmikroekonomia /cDavid Begg [oraz] Stanley Fischer, Rudiger Dornbusch ; red. nauk. Bogusław Czarny, Zbigniew Matkowski, Ryszard Rapacki ; tł. [z ang. B. Czarny [et al.]. iTyt. oryg.:aEconomics aWyd. 2 zm. aWarszawa :bPolskie Wydawnictwo Ekonomiczne,c1999. a534, [2] s. :bwykr. ;c24 cm. aKsiążki aPublikacje dydaktyczne mPoziom nauczaniaaSzkoły wyższe a1901-2000 a1989-2000 aOryg. : "Economics" 1994. aIndeks. 7aMikroekonomia 7aPodręczniki akademickie aGospodarka, ekonomia, finanse1 aFischer, Stanleyd(1943- )eAutor1 aDornbusch, Rudigerd(1942-2002)eAutor1 aRapacki, Ryszardd(1949- )eRedakcja1 aCzarny, Bogusławd(1957- )eTłumaczenie1 aMatkowski, Zbigniewd(1941- )eRedakcja aPolskie Wydawnictwo Ekonomiczne4pbl uhttp://koha.tu.koszalin.pl/cgi-bin/koha/opac-detail.pl?biblionumber=51033yKatalog online BPK